|
|
|
|
| LEADER |
00000nam0a2200000 4500 |
| 001 |
243827 |
| 005 |
20231101232011.0 |
| 035 |
|
|
|a (RuTPU)RU\TPU\book\265180
|
| 090 |
|
|
|a 243827
|
| 100 |
|
|
|a 20131007d2013 k y0rusy50 ca
|
| 101 |
0 |
|
|a rus
|
| 102 |
|
|
|a RU
|
| 105 |
|
|
|a a dm 001zy
|
| 200 |
1 |
|
|a Оптимизация сечений элементов плоских стержневых систем при многопараметрическом нагружении
|e автореферат диссертации на соискание ученой степени кандидата технических наук
|e спец. 05.23.17
|f Л. Е. Путеева
|g Томский государственный архитектурно-строительный университет (ТГАСУ) ; науч. рук. Б. А. Тухфатуллин
|
| 210 |
|
|
|a Томск
|d 2013
|
| 215 |
|
|
|a 24 с.
|c ил.
|
| 300 |
|
|
|a Защита сост. 04.10.2013 г.
|
| 320 |
|
|
|a Библиогр.: с. 23-24 (9 назв.).
|
| 606 |
1 |
|
|a Стержневые системы
|2 stltpush
|3 (RuTPU)RU\TPU\subj\57008
|9 74882
|
| 610 |
1 |
|
|a плоские стержневые системы
|
| 610 |
1 |
|
|a проектирование
|
| 610 |
1 |
|
|a сечения
|
| 610 |
1 |
|
|a упругие стержни
|
| 610 |
1 |
|
|a параметры
|
| 610 |
1 |
|
|a нелинейное программирование
|
| 610 |
1 |
|
|a нагружение
|
| 610 |
1 |
|
|a нагрузки
|
| 610 |
1 |
|
|a опасные сочетания
|
| 610 |
1 |
|
|a расчет
|
| 610 |
1 |
|
|a исходные данные
|
| 610 |
1 |
|
|a авторефераты диссертаций
|
| 675 |
|
|
|a 624.072.2(04)
|v 3
|
| 686 |
|
|
|a 05.23.17
|2 oksvnk
|
| 700 |
|
1 |
|a Путеева
|b Л. Е.
|g Лариса Евгеньевна
|
| 702 |
|
1 |
|a Тухфатуллин
|b Б. А.
|g Борис Ахатович
|4 727
|
| 712 |
0 |
2 |
|a Томский государственный архитектурно-строительный университет (ТГАСУ)
|c (1997- )
|2 stltpush
|3 (RuTPU)RU\TPU\col\3
|
| 801 |
|
1 |
|a RU
|b 63413507
|c 20131007
|
| 801 |
|
2 |
|a RU
|b 63413507
|c 20131018
|g RCR
|
| 942 |
|
|
|c BK
|